000 01337nam a2200229 i 4500
001 164702
003 ES-MaACL
005 20250719062545.0
008 050804s1885 sp |||| | spa d
100 1 _aSandoval, Bernardino de.
_9132408
245 1 0 _aTractado del cuydado que se deve tener con los presos pobres
_b: en que se trata ser obra pia proveer á las necesidades que padescen en las carceles ... /
_ccompuesto por Bernardino de Sandoval.
260 _aBarcelona :
_b[s.n.],
_c1885 (
_fImprenta de Jaime Jepus)
300 _aX, 65 p. ;
_c25 cm.
534 _pReimp. de la ed. de:
_cToledo: en casa de Miguel Ferrer, año 1564 ; Dedicada al Congreso Penitenciario Internacional de Roma por Pedro Armengol y Cornet.
650 4 _aPresos.
_9136763
700 1 _aArmengol y Cornet, Pedro,
_d1837-1896
_922949
852 _aES-MaACL
_jD-68(1)
_9170982
_bR.FOLL.1/1
_cSVI
_fSello en tinta en portada: "Donativo del Sr. Lastres al Ateneo de Madrid. 1907"
_gAnotación manuscrita en portada: "Folletos penitenciarios. Tomo 8."
_hDonación: Francisco Lastres y Juiz
_xEncuadernación holandesa
_xEncuadernación con otras obras formando un volumne facticio.
903 _aLastres y Juiz, Francisco,
_d1848-1918
_q1
_ednr
_970504
942 _2udc
_cFOLLETOS
999 _c164702
_d164702